Economy and politics in uncertain times/ (Record no. 208018)

MARC details
000 -LEADER
fixed length control field 00596nam a2200181 4500
005 - DATE AND TIME OF LATEST TRANSACTION
control field 20250103143212.0
010 ## - LCCN (DPL NO)
LC control number ENG-143179
020 ## - INTERNATIONAL STANDARD BOOK NUMBER
International Standard Book Number 97881941024760
Terms of availability 250.00
035 ## - SYSTEM CONTROL NUMBER
System control number EN-126711
037 ## - SOURCE OF ACQUISITION
Source of stock number/acquisition DBAD
082 ## - DEWEY DECIMAL CLASSIFICATION NUMBER
Classification number 335.4
100 ## - MAIN ENTRY--PERSONAL NAME
Personal name Patri, Neelakant
245 ## - TITLE STATEMENT
Title Economy and politics in uncertain times/
Statement of responsibility, etc by Neelakant Patri
260 ## - PUBLICATION, DISTRIBUTION, ETC. (IMPRINT)
Place of publication, distribution, etc Bengaluru
Name of publisher, distributor, etc Southern Economist
Date of publication, distribution, etc 2012
270 ## - ADDRESS
Address No. 9, Ist Main, Jamia Masjid Complex, Ist Floor, 10 & 11. Palace Guttahalli
City Bengaluru
Postal code 560003
300 ## - PHYSICAL DESCRIPTION
Extent xvi,454p.
Dimensions 21cm(pb)
942 ## - ADDED ENTRY ELEMENTS (KOHA)
Source of classification or shelving scheme Dewey Decimal Classification
Item type English Books
Classification part 335.4
Call number suffix PAT
Holdings
Withdrawn status Lost status Not for loan Collection code Home library Current library Date acquired Source of acquisition Cost, normal purchase price Full call number Barcode Copy number Cost, replacement price Koha item type
      Non-fiction Kadipur Kadipur 03/01/2025 Delivery of Books Division 250.00 335.4 PAT EN-126711 1 250.00 English Books

© Delhi Public Library
Hit Counter
free hit counter